Vekslačka /
Uloženo v:
| Hlavní autor: | |
|---|---|
| Další autoři: | , |
| Médium: | Audiokniha |
| Jazyk: | Czech |
| Vydáno: |
Praha :
Voxi,
2025
|
| Témata: | |
| Celkem bylo vypůjčeno: | 0x |
| Tagy: |
Žádné tagy |
| LEADER | 01900nim a2200517 i 4500 | ||
|---|---|---|---|
| 001 | 106357 | ||
| 003 | CZ PrNK | ||
| 005 | 20260514104302.0 | ||
| 007 | sd fungnnmmned | ||
| 008 | 250612s2025 xr nnnng f n cze | ||
| 020 | |a 9788074483851 : |c Kč 429,00 | ||
| 040 | |a ABA001 |b cze |e rda | ||
| 072 | 7 | |a 821.162.3-3 |x Česká próza |2 Konspekt |9 25 | |
| 080 | |a 821.162.3-31 |2 MRF | ||
| 080 | |a (0:82-311.4) |2 MRF | ||
| 080 | |a (086.7)08 |2 MRF | ||
| 080 | |a (086.76) |2 MRF | ||
| 100 | 1 | |a Wilková, Scarlett, |d 1969- |7 xx0067867 |4 aut |9 113217 | |
| 245 | 1 | 0 | |a Vekslačka / |c Scarlett Wilková |
| 264 | 1 | |a Praha : |b Voxi, |c 2025 | |
| 300 | |a 1 audiodisk (9 hod., 40 min.) ; |c 12 cm | ||
| 336 | |a mluvené slovo |b spw |2 rdacontent | ||
| 337 | |a audio |b s |2 rdamedia | ||
| 338 | |a audiodisk |b sd |2 rdacarrier | ||
| 344 | |a digital | ||
| 500 | |a Název z disku | ||
| 500 | |a Vydalo nakladatelství Voxi ve společnosti Albatros Media a.s. | ||
| 500 | |a Podle stejnojmenné knihy vydané nakladatelstvím Motto v roce 2025 | ||
| 500 | |a Nezkrácená audiokniha ve formátu MP3 | ||
| 508 | |a Režie, Jakub Tabery | ||
| 511 | 0 | |a Čte Lenka Krobotová | |
| 518 | |o Nahráno |d 2025 |p studio 5Guests s.r.o. | ||
| 655 | 7 | |a české romány |7 fd133974 |2 czenas |9 54031 | |
| 655 | 7 | |a společenské romány |7 fd760851 |2 czenas |9 54989 | |
| 655 | 7 | |a audioknihy |7 fd119452 |2 czenas |9 53385 | |
| 655 | 7 | |a kompaktní disky |7 fd201991 |2 czenas |9 54543 | |
| 655 | 9 | |a Czech fiction |2 eczenas | |
| 655 | 9 | |a social novels |2 eczenas | |
| 655 | 9 | |a audiobooks |2 eczenas | |
| 655 | 9 | |a compact discs |2 eczenas | |
| 700 | 1 | |a Krobotová, Lenka, |d 1977- |7 xx0045421 |4 nrt |9 116774 | |
| 700 | 1 | |a Tabery, Jakub, |d 1974- |7 xx0196999 |4 drt |9 107909 | |
| 910 | |a UOG502 | ||
| 942 | |2 ddc |c AK | ||
| 999 | |d 106357 | ||
| 993 | |0 0 |1 421180107078 |2 ddc |4 0 |7 0 |9 99740 |b 0 |c 107078 |d 2026-05-14 |e 0 |f DOSP |h 429.00 |i Koupě |l DOSP |r 2026-05-14 |t 6 |w 2026-05-14 |y AK |z AUDIO |n | ||